26 derniers joueurs sur les pochettes des jeux NHL - Statistiques

Statistiques générales
  • Ce quiz a été pris 126 fois
    52 depuis la dernière actualisation
  • Le résultat moyen est 12 sur 26
Statistiques - réponses
Année Joueur % Correct
2018 McDavid
88%
2021 Ovechkin
77%
2007 Ovechkin
77%
2022 Matthews
74%
2020 Matthews
74%
2025 Hughes
72%
2019 Subban
70%
2026 Tkachuk
63%
2024 Makar
60%
2016 Toews
60%
2011 Toews
60%
2010 Kane
58%
2023 Zegras
53%
2014 Brodeur
51%
2015 Bergeron
47%
2017 Tarasenko
47%
2012 Stamkos
40%
2013 Giroux
33%
2003 Iginla
21%
2006 Lecavalier
21%
2002 Lemieux
16%
2009 Phaneuf
14%
2008 Staal
14%
2005 Naslund
12%
2004 Heatley
5%
2001 Nolan
5%
Aucun quiz correspondant
Distribution des résultats
% des personnes avec chaque résultat
Percentile par nombre de réponses
Votre historique - résultats
Vous n’avez pas pris ce quiz depuis la dernière actualisation